| 000 | 00763nam a2200217 a 4500 | ||
|---|---|---|---|
| 001 | 72194 | ||
| 003 | BD-RjUL | ||
| 005 | 20211209082225.0 | ||
| 008 | 170514s1960 bg |||| |||| 000 0 ben d | ||
| 035 | _a(BD-RjUL)72410 | ||
| 040 |
_aBD-RjUL _bben _cBD-RjUL _dBD-RjUL |
||
| 041 | _aben | ||
| 082 |
_223 _a891.443 _bKUG 1960 |
||
| 100 | 1 |
_aকুমার, গজেন্দ্র _9126072 |
|
| 245 | 1 | 0 |
_aগল্প-পঞ্চাশত / _cগজেন্দ্র কুমার |
| 260 |
_aকলিকাতা : _bমিত্র ও ঘোষ, _c১৯৬০ (১৩৬৭) |
||
| 300 |
_a৫৪৮ পৃ. ; _c২৫ সেমি. |
||
| 650 |
_aবাংলা উপন্যাস _9126073 |
||
| 650 |
_aBengali Fiction _9126074 |
||
| 942 |
_2ddc _cBK |
||
| 999 |
_c72194 _d72194 |
||